| 000 | 01149nam a22002657a 4500 | ||
|---|---|---|---|
| 003 | 0 | ||
| 005 | 20251108112535.0 | ||
| 008 | 251108b xxu||||| |||| 00| 0 eng d | ||
| 020 | _a978-0-241-29874-9 | ||
| 050 |
_aPE 1128.D44 _b.L58 2017 |
||
| 100 |
_aDegnan-Veness, Coleen, _eadapter. |
||
| 245 |
_aThe little mermaid / _ctext adapted by Coleen Degnan-Veness ; illustrated by Milly Teggle. |
||
| 246 | _aLadybird Readers Level 4 The little mermaid | ||
| 250 | _aLevel 4. | ||
| 260 |
_aLondon : _bPenguin Random House UK, _c2023. |
||
| 300 |
_a64 pages : _bcolor illustrations ; _c23 cm. |
||
| 490 |
_aLadybird Readers ; _vLevel 4 |
||
| 500 | _aAdapted from Hans Christian Andersen's original fairy tale. Includes vocabulary practice and comprehension activities. | ||
| 520 | _aA simplified version of the classic tale about a young mermaid who dreams of living on land and falls in love with a human prince. | ||
| 650 |
_aReaders (Elementary) _vTexts. |
||
| 650 |
_aEnglish language _xStudy and teaching _vReaders. |
||
| 650 |
_aFairy tales _vAdaptations _vJuvenile literature. |
||
| 700 |
_aTeggle, Milly, _eillustrator. |
||
| 942 |
_2lcc _cBK |
||
| 999 |
_c368547 _d368547 |
||